000 00639nam a2200241Ia 4500
003 OSt
005 20221006144738.0
006 a|||||r|||| 00| 0
007 ta
008 221006b |||||||| |||| 00| 0 eng d
020 _c15.00
024 _a12,590
037 _cTextual
040 _aEASL
_cEASL
_beng
041 _2eng
_aeng
082 _aV41:1942,(zM).N38, G8
100 _aTimperley H J
_9652752
245 0 _aJapanese terror in China
260 _aCalcutta
_bThacker Spink
_c1938
300 _a222p.
_ccm.
942 _hV41:1942,(zM).N38, G8
_cTEXL
_2CC
999 _c1080676
_d1080676